| 000 | 00724nam a22002537a 4500 | ||
|---|---|---|---|
| 001 | 25140 | ||
| 003 | UA-OsUOA | ||
| 005 | 20230912114323.0 | ||
| 007 | ta | ||
| 008 | 20040317b un ||||| |||| 00| 0 ukr d | ||
| 020 | _a966-570-080-4 | ||
| 040 |
_aUA-OsUOA _brus _cUA-OsUOA _dUA-OsUOA |
||
| 041 | _arus | ||
| 044 | _aRU | ||
| 080 | _a349(075.8)(477) | ||
| 090 |
_a349(075.8)(477) _bC18 |
||
| 100 | _aCандровский К. К. | ||
| 245 |
_aТаможенное право в Украине _bуч. пос. для студентов юридических вузов и факультетов |
||
| 260 |
_aКиев _bВентури _c2000 |
||
| 300 | _a208 с. | ||
| 650 | 7 | _2UDC | |
| 942 |
_cBK _2udc |
||
| 955 | _a0 | ||
| 999 |
_c311432 _d311432 |
||